Normal view
MARC view
- Singh,R P
Entry Personal Name
001 - CONTROL NUMBER
- control field: 97873
003 - CONTROL NUMBER IDENTIFIER
- control field: NUST
005 - DATE AND TIME OF LATEST TRANSACTION
- control field: 20220817183954.0
008 - FIXED-LENGTH DATA ELEMENTS
- fixed length control field: 220817|| aca||aabn | a|a d
040 ## - CATALOGING SOURCE
- Original cataloging agency: NUST
- Transcribing agency: NUST
100 ## - HEADING--PERSONAL NAME
- Personal name: Singh,R P
670 ## - SOURCE DATA FOUND
- Source citation: Work cat.: (NUST)212436: Singh,R P, Communication Systems Analog & digital, 2007
